|
|
|
|
| LEADER |
00000nab a2200000 a 4500 |
| 001 |
vtls000867996 |
| 003 |
SK-MaSNL |
| 005 |
20260303223414.0 |
| 008 |
140512c2004 xo 0 slo |
| 015 |
|
|
|a SNBRB2004/04-10418
|
| 035 |
|
|
|a CLN000219548
|
| 040 |
|
|
|a SNKBUCL
|b slo
|c SNKBUCL
|e AACR2
|
| 041 |
0 |
|
|a slo
|
| 044 |
|
|
|a xo
|c SK
|
| 080 |
|
|
|a 82:929:821.162.4
|2 1997
|
| 080 |
|
|
|a 929 Boldišová, Emília
|2 1997
|
| 080 |
|
|
|a 821.162.4:929
|2 1997
|
| 100 |
1 |
|
|a Švidroň, Ján,
|d 1952-2014
|4 aut
|9 114727
|
| 245 |
1 |
0 |
|a Za Milkou Boldišovou
|c Ján Švidroň
|
| 600 |
1 |
7 |
|a Boldišová, Emília,
|d 1954-2003
|2 snkbucl
|9 103643
|
| 655 |
|
7 |
|a články z novín a časopisov
|2 snkbucl
|9 267496
|
| 773 |
0 |
|
|t Kultúra
|g Roč. 7, č. 2 (2004), s. 13
|x 1335-3470
|
| 850 |
|
|
|a Slovenská národná knižnica v Martine
|
| 852 |
|
|
|a SNK
|b KIS3GCP
|
| 958 |
|
|
|a LX
|
| 958 |
|
|
|a BX
|
| 992 |
|
|
|a RBX
|
| 999 |
|
|
|c 2247635
|d 2249565
|